[Event "HEM A-Turnier"]
[Site "Frankfurt-Zeilsheim"]
[Date "2018.??.??"]
[Round "4.15"]
[White "Ochs, Daniel Elias"]
[Black "Kuhn, Gerhard"]
[Result "1/2-1/2"]
[WhiteElo "1633"]
[BlackElo "1982"]
[PlyCount "82"]
[EventDate "2018.??.??"]
[EventType "swiss"]
[EventRounds "7"]
[EventCountry "GER"]
[WhiteTeam "Wiesbadener SV"]
[BlackTeam "SK Marburg"]

1. d4 Nf6 2. Nf3 g6 3. g3 Bg7 4. Bg2 d5 5. c4 O-O 6. O-O Nc6 7. cxd5 Nxd5 8. e4
Nb6 9. d5 Na5 10. Nc3 c6 11. dxc6 Qxd1 12. Rxd1 Nxc6 13. Ne1 Bg4 14. f3 Be6 15.
Nc2 Rfd8 16. Rxd8+ Rxd8 17. f4 Bxc3 18. bxc3 Na4 19. Nd4 Nxd4 20. cxd4 Rxd4 21.
Be3 Rd7 22. e5 b6 23. Bc6 Rd3 24. Bf2 Nc3 25. a4 Bd7 26. Bxd7 Rxd7 27. Kg2 e6
28. Kf3 Rd3+ 29. Kg2 Nd1 30. Bg1 Ne3+ 31. Kh1 Nd5 32. a5 Rb3 33. axb6 axb6 34.
Ra8+ Kg7 35. Rb8 h5 36. Kg2 h4 37. Bf2 hxg3 38. hxg3 Kh7 39. Rb7 Kg7 40. Rb8
Rc3 41. Bxb6 Nxb6 1/2-1/2

[Event "HEM A-Turnier"]
[Site "Frankfurt-Zeilsheim"]
[Date "2018.??.??"]
[Round "4.16"]
[White "Weil, Michael"]
[Black "Romero Flores, Antonio Cesar Feli"]
[Result "0-1"]
[WhiteElo "1957"]
[BlackElo "1964"]
[PlyCount "178"]
[EventDate "2018.??.??"]
[EventType "swiss"]
[EventRounds "7"]
[EventCountry "GER"]
[WhiteTeam "SC Steinbach"]
[BlackTeam "VSG Offenbach"]

1. d4 Nf6 2. Nf3 g6 3. Bg5 Bg7 4. Nbd2 O-O 5. c3 d6 6. e3 Nc6 7. b4 a5 8. b5
Nb8 9. a4 c5 10. Bd3 Nbd7 11. O-O b6 12. Rc1 Bb7 13. e4 e5 14. Nc4 Qc7 15. d5
Rae8 16. Qd2 Bc8 17. Bh6 Nh5 18. Bxg7 Kxg7 19. g3 Ndf6 20. Nh4 Bh3 21. Rfe1 h6
22. Bf1 Bxf1 23. Kxf1 Kh7 24. f3 Ng7 25. Ne3 c4 26. Qe2 Rc8 27. Rc2 Qc5 28. Ra2
Rc7 29. Nc2 Nfh5 30. Qe3 f5 31. Qxc5 Rxc5 32. Kg2 Nf6 33. Kg1 g5 34. Ng2 h5 35.
h3 g4 36. hxg4 hxg4 37. fxg4 Nxe4 38. gxf5 Nxg3 39. Nce3 N3xf5 40. Rf2 Kg6 41.
Nh4+ Kg5 42. Nf3+ Kh5 43. Rh2+ Kg6 44. Rg2+ Kf7 45. Nxf5 Nxf5 46. Ng5+ Ke7 47.
Ne6 Nh4 48. Rg7+ Ke8 49. Re4 Nf5 50. Rg5 Ne7 51. Nxc5 bxc5 52. b6 Nxd5 53. b7
Kd7 54. Rg7+ Kc6 55. Rxc4 Rb8 56. Kf2 Rxb7 57. Rxb7 Kxb7 58. Ke1 Kc6 59. Kd2
Nb6 60. Rh4 c4 61. Rh1 Nxa4 62. Ra1 Nc5 63. Kc2 Nb3 64. Re1 Kd5 65. Rd1+ Ke6
66. Rh1 Kd7 67. Rh4 d5 68. Rh6 d4 69. cxd4 exd4 70. Ra6 Kc7 71. Kb2 Kb7 72. Rd6
a4 73. Rh6 Kc7 74. Ra6 Nc5 75. Rh6 Nd3+ 76. Kc2 Nb4+ 77. Kb1 Nc6 78. Kb2 Kb6
79. Ka3 c3 80. Kxa4 Kc5 81. Kb3 Na5+ 82. Kc2 Kc4 83. Rh4 Nc6 84. Rg4 Nb4+ 85.
Kb1 Kb3 86. Rg3 d3 87. Ka1 d2 88. Rg1 Nc2+ 89. Kb1 Ne1 0-1

[Event "HEM A-Turnier"]
[Site "Frankfurt-Zeilsheim"]
[Date "2018.??.??"]
[Round "4.17"]
[White "Calvi, Stefan"]
[Black "Ullmann, Ralf"]
[Result "1-0"]
[WhiteElo "2050"]
[BlackElo "1910"]
[PlyCount "47"]
[EventDate "2018.??.??"]
[EventType "swiss"]
[EventRounds "7"]
[EventCountry "GER"]
[WhiteTeam "SF Frankfurt"]
[BlackTeam "SC Eschwege"]

1. e4 c5 2. Nc3 e6 3. d4 cxd4 4. Qxd4 Nc6 5. Qd2 Nf6 6. b3 Bb4 7. Bd3 O-O 8. a3
Ba5 9. b4 Bb6 10. Nf3 d5 11. O-O Nd4 12. Nxd4 Bxd4 13. exd5 e5 14. Rb1 Nxd5 15.
Nxd5 Qxd5 16. c3 e4 17. Bc2 Bxf2+ 18. Rxf2 Qxd2 19. Bxd2 f5 20. Bb3+ Kh8 21. g4
Bd7 22. gxf5 Rxf5 23. Rbf1 Rxf2 24. Rxf2 1-0

[Event "HEM A-Turnier"]
[Site "Frankfurt-Zeilsheim"]
[Date "2018.??.??"]
[Round "4.18"]
[White "Kuhn, Luis"]
[Black "Hemmerich, Luca"]
[Result "1-0"]
[WhiteElo "1974"]
[BlackElo "1896"]
[PlyCount "101"]
[EventDate "2018.??.??"]
[EventType "swiss"]
[EventRounds "7"]
[EventCountry "GER"]
[WhiteTeam "SC Flörsheim"]
[BlackTeam "SC Tornado Wuppertal"]

1. e4 c5 2. Nf3 d6 3. d4 cxd4 4. Nxd4 Nf6 5. Nc3 g6 6. Be3 Bg7 7. Be2 Nc6 8.
O-O O-O 9. h3 Bd7 10. Qd2 Nxd4 11. Bxd4 Bc6 12. Bf3 Qc7 13. a4 b6 14. Rfd1 Rac8
15. Ra3 Rfd8 16. b4 d5 17. Bxf6 dxe4 18. Qe3 exf3 19. Rxd8+ Rxd8 20. Bxg7 Kxg7
21. gxf3 Qd7 22. Kg2 Qf5 23. Ne4 Bd7 24. f4 Bc6 25. Qc3+ e5 26. Qxc6 Rc8 27.
Qd5 Rxc2 28. Qxe5+ Qxe5 29. fxe5 Rc4 30. Nf6 Rxb4 31. Kg3 b5 32. axb5 Rxb5 33.
f4 a5 34. Ra4 g5 35. Ne8+ Kg6 36. f5+ Kh5 37. Nf6+ Kh6 38. Ng4+ Kg7 39. Re4 h5
40. Nf6 Rb3+ 41. Kh2 Rb2+ 42. Kg1 Rb1+ 43. Kf2 h4 44. Nd7 Rb2+ 45. Ke1 Rb1+ 46.
Kd2 Rb2+ 47. Kc1 Rb3 48. Kc2 Rxh3 49. e6 Rh2+ 50. Kc3 fxe6 51. fxe6 1-0

[Event "HEM A-Turnier"]
[Site "Frankfurt-Zeilsheim"]
[Date "2018.??.??"]
[Round "4.19"]
[White "Bajorski, Leszek"]
[Black "Jayakumar, Nivesh"]
[Result "1/2-1/2"]
[WhiteElo "1970"]
[BlackElo "1687"]
[PlyCount "59"]
[EventDate "2018.??.??"]
[EventType "swiss"]
[EventRounds "7"]
[EventCountry "GER"]
[WhiteTeam "SV Hofheim"]
[BlackTeam "SV Ffm-Griesheim"]

1. e4 c5 2. Nf3 d6 3. Bb5+ Nd7 4. O-O a6 5. Bd3 e6 6. c3 Ngf6 7. Bc2 Be7 8. d4
b5 9. a4 Bb7 10. Re1 O-O 11. e5 dxe5 12. dxe5 Nd5 13. axb5 axb5 14. Rxa8 Qxa8
15. Qd3 f5 16. Qxb5 N7b6 17. Qe2 Qe8 18. c4 Nb4 19. Na3 Qg6 20. Bd1 f4 21. Bd2
Nd3 22. Rf1 Bxf3 23. Qxf3 Nxe5 24. Qh5 Qxh5 25. Bxh5 Nexc4 26. Nxc4 Nxc4 27.
Bc3 Bf6 28. Bxf6 Rxf6 29. Rc1 Nxb2 30. Rxc5 1/2-1/2

[Event "HEM A-Turnier"]
[Site "Frankfurt-Zeilsheim"]
[Date "2018.??.??"]
[Round "4.20"]
[White "Kempf, Alexander"]
[Black "Schmitt, Carsten"]
[Result "1-0"]
[WhiteElo "1862"]
[BlackElo "1957"]
[PlyCount "55"]
[EventDate "2018.??.??"]
[EventType "swiss"]
[EventRounds "7"]
[EventCountry "GER"]
[WhiteTeam "1. Hainstadter SC"]
[BlackTeam "SV Bergwinkel"]

1. d4 d5 2. Bf4 Nf6 3. e3 e6 4. Nd2 c5 5. c3 Nc6 6. Ngf3 Bd6 7. Ne5 Qc7 8. Ndf3
O-O 9. Bd3 Ne7 10. h4 b6 11. g4 Ne4 12. g5 Nf5 13. h5 f6 14. gxf6 gxf6 15. Rg1+
Kh8 16. Ng6+ hxg6 17. Bxd6 Qxd6 18. Nh4 Qh2 19. Nxg6+ Kg7 20. Rf1 Rg8 21. Bxe4
dxe4 22. Qg4 Kf7 23. Qxe4 Ba6 24. O-O-O Nd6 25. Qc6 Qxh5 26. Nf4 Qf5 27. Qd7+
Kf8 28. Nxe6+ 1-0

[Event "HEM A-Turnier"]
[Site "Frankfurt-Zeilsheim"]
[Date "2018.??.??"]
[Round "4.21"]
[White "Blaschke, Henri Johannes"]
[Black "Froehlich Dill, Astrid"]
[Result "1/2-1/2"]
[WhiteElo "1814"]
[BlackElo "1866"]
[PlyCount "85"]
[EventDate "2018.??.??"]
[EventType "swiss"]
[EventRounds "7"]
[EventCountry "GER"]
[WhiteTeam "SK Vellmar"]
[BlackTeam "SV Hofheim"]

1. d4 Nf6 2. c4 e6 3. g3 c5 4. Nf3 cxd4 5. Nxd4 Qb6 6. Nc3 Bc5 7. e3 a6 8. Bg2
Nc6 9. Nc2 O-O 10. O-O Qc7 11. Qe2 Rb8 12. b3 Rd8 13. Rd1 b6 14. Bb2 Bb7 15.
Rac1 Na7 16. Ne1 Bxg2 17. Nxg2 Qb7 18. e4 b5 19. e5 Ne8 20. Ne4 Be7 21. c5 Nc6
22. h4 f5 23. exf6 Nxf6 24. Bxf6 Bxf6 25. Nd6 Qc7 26. Qg4 Ne5 27. Qe2 Nc6 28.
Ne1 Rf8 29. Nf3 Nb4 30. Nd4 Nc6 31. Nf3 h6 32. Nh2 Bd4 33. Ne4 Rf7 34. Nf3 e5
35. Nd6 Rf6 36. Ne4 Re6 37. h5 Rf8 38. Nh4 Ne7 39. Rf1 Qc6 40. Qg4 a5 41. Rc2
b4 42. Kh2 Rf7 43. Rcc1 1/2-1/2

[Event "HEM A-Turnier"]
[Site "Frankfurt-Zeilsheim"]
[Date "2018.??.??"]
[Round "4.22"]
[White "Wolff, Peter"]
[Black "Schimmer, Michael"]
[Result "1-0"]
[WhiteElo "1917"]
[BlackElo "1830"]
[PlyCount "69"]
[EventDate "2018.??.??"]
[EventType "swiss"]
[EventRounds "7"]
[EventCountry "GER"]
[WhiteTeam "VSG Offenbach"]
[BlackTeam "SC Frankfurt-West"]

1. c4 Nf6 2. g3 c5 3. Nc3 Nc6 4. Bg2 e5 5. d3 Be7 6. e3 O-O 7. Nge2 d6 8. O-O
Be6 9. Nd5 Qd7 10. Nec3 Bd8 11. Re1 Ne8 12. a3 f5 13. b4 a5 14. b5 Ne7 15. Rb1
Nf6 16. f4 Nexd5 17. Nxd5 Nxd5 18. cxd5 Bf7 19. fxe5 dxe5 20. e4 Rc8 21. Qe2
Bf6 22. Bh3 g6 23. Bh6 Rfe8 24. Rf1 Rcd8 25. a4 Qd6 26. Qd2 b6 27. Rf3 Bxd5 28.
exd5 Qxd5 29. Qe2 Qd4+ 30. Kh1 Qxa4 31. Bxf5 gxf5 32. Rxf5 Rd6 33. Rbf1 Ree6
34. Rxe5 Rxe5 35. Qxe5 1-0

[Event "HEM A-Turnier"]
[Site "Frankfurt-Zeilsheim"]
[Date "2018.??.??"]
[Round "4.23"]
[White "Haack, Kevin"]
[Black "Vega Lopez de Nava, Cesar Octavi"]
[Result "1-0"]
[WhiteElo "1846"]
[BlackElo "1949"]
[PlyCount "77"]
[EventDate "2018.??.??"]
[EventType "swiss"]
[EventRounds "7"]
[EventCountry "GER"]
[WhiteTeam "SC Bad Soden"]
[BlackTeam "SC Flörsheim"]

1. c4 e5 2. g3 Nf6 3. Bg2 h6 4. d3 Bb4+ 5. Bd2 Bxd2+ 6. Qxd2 O-O 7. Nc3 c6 8.
Nf3 Qe7 9. O-O Rd8 10. a3 d5 11. Qc2 d4 12. Nd1 a5 13. b3 Bf5 14. Nd2 Bg6 15.
Nb2 Na6 16. Na4 Nd7 17. Rfc1 f5 18. c5 Nc7 19. Nc4 Nf6 20. Qd2 Bf7 21. Nab6
Qxc5 22. Nxa8 Rxa8 23. b4 axb4 24. Qxb4 Qxb4 25. axb4 Re8 26. Nd6 Rb8 27. Ra7
Ncd5 28. Rxb7 Rxb7 29. Nxb7 Nc3 30. Kf1 Nfd5 31. Bxd5 Bxd5 32. Nd6 g6 33. Ra1
Kg7 34. Ra7+ Kf6 35. Ne8+ Kg5 36. h4+ Kg4 37. Nf6+ Kh3 38. Nxd5 Nxd5 39. Rg7
1-0

[Event "HEM A-Turnier"]
[Site "Frankfurt-Zeilsheim"]
[Date "2018.??.??"]
[Round "5.1"]
[White "Leidorf, Sebastian"]
[Black "Flach, Erich"]
[Result "1/2-1/2"]
[WhiteElo "2100"]
[BlackElo "2127"]
[PlyCount "82"]
[EventDate "2018.??.??"]
[EventType "swiss"]
[EventRounds "7"]
[EventCountry "GER"]
[WhiteTeam "SV Bergwinkel"]
[BlackTeam "SK Langen"]

1. c4 Nf6 2. g3 c5 3. Bg2 e6 4. Nf3 b6 5. d4 Bb7 6. d5 exd5 7. Nh4 g6 8. Nc3
Bg7 9. O-O d6 10. Bg5 Qd7 11. Bxd5 Nc6 12. Qd2 O-O 13. Bh6 Nxd5 14. Nxd5 Nd4
15. Bxg7 Kxg7 16. e3 Bxd5 17. cxd5 Nf5 18. Nf3 f6 19. e4 Nh6 20. Kg2 Rfe8 21.
Rae1 a5 22. b3 b5 23. Qb2 Nf7 24. h4 Qg4 25. Nh2 Qd7 26. f4 Re7 27. g4 Rae8 28.
Kf3 Rf8 29. Rg1 Ree8 30. Kg3 Qe7 31. g5 h5 32. Nf3 Nd8 33. gxf6+ Qxf6 34. Qxf6+
Rxf6 35. e5 Rf5 36. Re3 Nf7 37. Rge1 Nh6 38. Ng5 Kg8 39. Ne6 Rf7 40. Re4 Nf5+
41. Kh3 Rd7 1/2-1/2

[Event "HEM A-Turnier"]
[Site "Frankfurt-Zeilsheim"]
[Date "2018.??.??"]
[Round "5.2"]
[White "Will, Dominik"]
[Black "Bajorski, Marius"]
[Result "1-0"]
[WhiteElo "2135"]
[BlackElo "1911"]
[PlyCount "103"]
[EventDate "2018.??.??"]
[EventType "swiss"]
[EventRounds "7"]
[EventCountry "GER"]
[WhiteTeam "SC Bad Nauheim"]
[BlackTeam "SV Hofheim"]

1. Nf3 Nf6 2. g3 b5 3. Bg2 Bb7 4. d3 e6 5. O-O Be7 6. Nbd2 O-O 7. e4 d6 8. c3
c5 9. Re1 Nbd7 10. d4 Qc7 11. Qe2 c4 12. Nh4 e5 13. Nf5 Rfe8 14. Nf1 Bf8 15. d5
Nc5 16. Bg5 Be7 17. Nxe7+ Qxe7 18. Nd2 h6 19. Be3 Rec8 20. b3 cxb3 21. axb3 Qd7
22. h3 a5 23. Rf1 Ba6 24. Rxa5 b4 25. c4 Nxb3 26. Rxa6 Rxa6 27. Nxb3 Ra3 28.
Rb1 Qa4 29. Qc2 Ra2 30. Qd3 Nd7 31. h4 Qa6 32. Bh3 Rc7 33. Qd1 Nb6 34. c5 Nc4
35. Bc1 dxc5 36. Bf1 Qf6 37. f4 Nd6 38. Rb2 Rxb2 39. Bxb2 Qg6 40. Qf3 Qxe4 41.
Qxe4 Nxe4 42. Bxe5 Rd7 43. Bg2 c4 44. Bxe4 cxb3 45. Kf2 f6 46. Bd4 Kf7 47. Ke3
f5 48. Bf3 Rc7 49. Bd1 Rc1 50. Bxb3 g6 51. d6+ Ke8 52. Ba4+ 1-0

[Event "HEM A-Turnier"]
[Site "Frankfurt-Zeilsheim"]
[Date "2018.??.??"]
[Round "5.3"]
[White "Meyer, Kai Christian"]
[Black "Stock, Juergen"]
[Result "1/2-1/2"]
[WhiteElo "2203"]
[BlackElo "1927"]
[PlyCount "118"]
[EventDate "2018.??.??"]
[EventType "swiss"]
[EventRounds "7"]
[EventCountry "GER"]
[WhiteTeam "SF Schöneck"]
[BlackTeam "Sfr. Kelkheim"]

1. c4 e6 2. e4 d5 3. cxd5 exd5 4. e5 c5 5. Nf3 Nc6 6. d4 Bg4 7. Bb5 Nge7 8.
dxc5 a6 9. Bxc6+ Nxc6 10. O-O Bxc5 11. Bf4 O-O 12. Nbd2 Re8 13. h3 Bh5 14. Rc1
Ba7 15. Qb3 Qd7 16. Rfe1 Rad8 17. Nf1 Bxf3 18. Qxf3 Bd4 19. Qg3 Re6 20. Nh2 Rg6
21. Qd3 Ba7 22. a3 Re8 23. Rcd1 Bb8 24. Qxd5 Qxh3 25. Bg3 Qe6 26. Nf3 Ba7 27.
Qxe6 Rgxe6 28. Rd7 R6e7 29. Rxe7 Rxe7 30. Rd1 h6 31. Rd5 g5 32. Nh2 Nd4 33. Ng4
Ne2+ 34. Kh2 Kg7 35. Nf6 Kg6 36. Ne4 h5 37. f3 Bg1+ 38. Kh1 Be3 39. Be1 Bf4 40.
Bb4 Rxe5 41. Rd6+ Re6 42. Rxe6+ fxe6 43. Be1 Bc1 44. Nc5 Bxb2 45. Bb4 a5 46.
Bxa5 Bxa3 47. Nxb7 Be7 48. Bc7 Nc3 49. Na5 Nd5 50. Bb8 Kf5 51. Nc4 Bb4 52. Kg1
g4 53. Kf2 h4 54. fxg4+ Kxg4 55. Ne5+ Kf5 56. Nf3 Bc5+ 57. Ke2 Be7 58. Nd4+ Kf6
59. Nf3 Kf5 1/2-1/2

[Event "HEM A-Turnier"]
[Site "Frankfurt-Zeilsheim"]
[Date "2018.??.??"]
[Round "5.4"]
[White "Rolf, Marco"]
[Black "Wachsmann, Dietmar"]
[Result "0-1"]
[WhiteElo "2069"]
[BlackElo "2026"]
[PlyCount "78"]
[EventDate "2018.??.??"]
[EventType "swiss"]
[EventRounds "7"]
[EventCountry "GER"]
[WhiteTeam "SK Gernsheim"]
[BlackTeam "SC Groß-Umstadt"]

1. d4 d5 2. c4 e6 3. Nc3 c6 4. e3 Nf6 5. Nf3 Nbd7 6. Qc2 Bd6 7. b3 O-O 8. Be2
e5 9. cxd5 cxd5 10. Nb5 Bb8 11. Ba3 Qa5+ 12. Qd2 Qxd2+ 13. Nxd2 Re8 14. dxe5
Bxe5 15. Rc1 a6 16. Nc7 Bxc7 17. Rxc7 d4 18. Bf3 dxe3 19. Nc4 Ne5 20. Nxe5 Rxe5
21. Bb2 exf2+ 22. Kxf2 Rf5 23. Rd1 Be6 24. Bxf6 Rxf6 25. Rxb7 g5 26. h3 Rc8 27.
Ke3 Bxh3 28. Rd5 Bf5 29. Kd4 h6 30. Be2 Rc2 31. Bc4 Rxa2 32. Rd8+ Kg7 33. Ke5
Be6 34. Rbb8 Rf5+ 35. Ke4 Rf4+ 36. Ke5 Ra5+ 37. Kd6 Bxc4 38. Rg8+ Kf6 39. bxc4
Rd4+ 0-1

[Event "HEM A-Turnier"]
[Site "Frankfurt-Zeilsheim"]
[Date "2018.??.??"]
[Round "5.5"]
[White "Syed, Tareq"]
[Black "Leimeister, Erhard"]
[Result "1-0"]
[WhiteElo "2051"]
[BlackElo "2214"]
[Annotator "Lotz,Kolja Alecsander"]
[PlyCount "51"]
[EventDate "2018.??.??"]
[EventType "swiss"]
[EventRounds "7"]
[EventCountry "GER"]
[WhiteTeam "SC Brett vorm Kopp"]
[BlackTeam "SC Eschborn"]

1. e4 c5 2. Be2 Nc6 3. Nf3 g6 4. d3 Bg7 5. c3 d6 6. O-O Nf6 7. Re1 O-O 8. h3
Rb8 9. a3 b5 10. b4 a5 11. bxc5 dxc5 12. Bf4 Rb7 13. Ra2 b4 14. axb4 axb4 15.
Qc1 c4 16. dxc4 b3 17. Rb2 Nxe4 18. Nfd2 Nc5 19. Be3 Nd3 20. Bxd3 Qxd3 21. Rxb3
Rxb3 22. Nxb3 Qxc4 23. N3d2 Qd3 24. Qa3 Be6 25. Rc1 Rb8 26. c4 $138 1-0

[Event "HEM A-Turnier"]
[Site "Frankfurt-Zeilsheim"]
[Date "2018.??.??"]
[Round "5.6"]
[White "Kuerschner, Matthias"]
[Black "Chandler, Patrick"]
[Result "0-1"]
[WhiteElo "2021"]
[BlackElo "2143"]
[PlyCount "144"]
[EventDate "2018.??.??"]
[EventType "swiss"]
[EventRounds "7"]
[EventCountry "GER"]
[WhiteTeam "SK Langen"]
[BlackTeam "SC Nied"]

1. e4 Nc6 2. Nf3 d6 3. d4 Bg4 4. Be2 Nf6 5. Nc3 e6 6. h3 Bh5 7. Be3 d5 8. exd5
Nxd5 9. Nxd5 exd5 10. c3 Be7 11. Qd2 O-O 12. O-O Bg6 13. Bf4 Bd6 14. Rfe1 Ne7
15. Bxd6 Qxd6 16. Ne5 Bf5 17. Bd3 f6 18. Nf3 Bxd3 19. Qxd3 Qd7 20. Re2 Ng6 21.
Qd2 Qf5 22. Qc2 Qxc2 23. Rxc2 Nf4 24. Re1 Rae8 25. Re3 c6 26. h4 Rxe3 27. fxe3
Ng6 28. c4 Ne7 29. b3 h5 30. Kf2 Re8 31. g3 Nf5 32. Rc3 Re7 33. cxd5 cxd5 34.
Ne1 Kf7 35. Ng2 Nd6 36. Kf3 g5 37. Rc5 Ke6 38. Rc1 Ne4 39. g4 hxg4+ 40. Kxg4
Rf7 41. Rd1 Rg7 42. hxg5 Rxg5+ 43. Kh3 Kd6 44. Rf1 a5 45. Rc1 Rg3+ 46. Kh2 Rf3
47. Rc2 Rf1 48. Nf4 Ra1 49. Kg2 b5 50. Kf3 b4 51. Nd3 Rf1+ 52. Ke2 Rg1 53. Kf3
Nc3 54. Nc1 Rf1+ 55. Kg2 Rd1 56. Kf3 Nb1 57. Ke2 Rh1 58. Kf3 Rh3+ 59. Kf4 Nc3
60. a3 Rh1 61. Kf3 Nd1 62. axb4 axb4 63. Na2 Rh3+ 64. Ke2 Nxe3 65. Rc5 Nf5 66.
Ra5 Nxd4+ 67. Kf2 Rxb3 68. Ra6+ Nc6 69. Ke2 Kc5 70. Nc1 Rh3 71. Nd3+ Kb5 72.
Ra1 Nd4+ 0-1

[Event "HEM A-Turnier"]
[Site "Frankfurt-Zeilsheim"]
[Date "2018.??.??"]
[Round "5.7"]
[White "Finke, Kai"]
[Black "Keuth, Gerd Erich"]
[Result "1-0"]
[WhiteElo "2054"]
[BlackElo "1999"]
[PlyCount "89"]
[EventDate "2018.??.??"]
[EventType "swiss"]
[EventRounds "7"]
[EventCountry "GER"]
[WhiteTeam "SG Porz"]
[BlackTeam "SK Herborn"]

1. d4 d5 2. c4 e6 3. Nc3 Be7 4. cxd5 exd5 5. Qc2 c6 6. Nf3 Nf6 7. Bg5 O-O 8. e3
Ne4 9. Bxe7 Qxe7 10. Bd3 Re8 11. O-O Nd7 12. Rab1 a5 13. a3 h6 14. b4 axb4 15.
axb4 Ra3 16. Bxe4 dxe4 17. Nd2 Nf6 18. Nc4 Ra7 19. b5 Be6 20. Ne5 cxb5 21. Rxb5
Rc8 22. Qb2 Qa3 23. Nb1 Qxb2 24. Rxb2 Bd5 25. Nd2 Ra3 26. Rfb1 Rac3 27. h3 Rc1+
28. Rxc1 Rxc1+ 29. Kh2 Rc3 30. g4 b5 31. Kg3 Bc4 32. Ndxc4 bxc4 33. Rb8+ Kh7
34. Rc8 Nd5 35. Rxc4 Rxc4 36. Nxc4 g6 37. Nd6 Kg7 38. Nxe4 f5 39. Nc5 h5 40.
gxf5 gxf5 41. Ne6+ Kh6 42. Nf4 Nf6 43. f3 Kg5 44. h4+ Kh6 45. Kf2 1-0

[Event "HEM A-Turnier"]
[Site "Frankfurt-Zeilsheim"]
[Date "2018.??.??"]
[Round "5.8"]
[White "Gries, Volker"]
[Black "Rutsatz, Mario"]
[Result "1/2-1/2"]
[WhiteElo "2084"]
[BlackElo "1997"]
[PlyCount "61"]
[EventDate "2018.??.??"]
[EventType "swiss"]
[EventRounds "7"]
[EventCountry "GER"]
[WhiteTeam "SV Oberursel"]
[BlackTeam "SF Frankfurt"]

1. e4 e6 2. d4 d5 3. Nd2 Nf6 4. e5 Nfd7 5. Bd3 c5 6. c3 Nc6 7. Ne2 cxd4 8. cxd4
f6 9. exf6 Nxf6 10. Nf3 Bd6 11. O-O Qc7 12. h3 O-O 13. Be3 Bd7 14. Rc1 Qb6 15.
Nc3 a6 16. Qd2 Nh5 17. Bb1 Qd8 18. Qd3 g6 19. Bh6 Ng7 20. Ne2 Qf6 21. a3 Rfe8
22. Rc3 Nf5 23. Bg5 Qg7 24. Qd2 Nd8 25. Bf4 Bb5 26. Bxd6 Nxd6 27. Re1 Bxe2 28.
Qxe2 Nc6 29. Rd1 Nf5 30. Qd2 Re7 31. Bc2 1/2-1/2

[Event "HEM A-Turnier"]
[Site "Frankfurt-Zeilsheim"]
[Date "2018.??.??"]
[Round "5.9"]
[White "Muth, Andreas"]
[Black "Bakiev, Diyor"]
[Result "1/2-1/2"]
[WhiteElo "2042"]
[BlackElo "1752"]
[PlyCount "47"]
[EventDate "2018.??.??"]
[EventType "swiss"]
[EventRounds "7"]
[EventCountry "GER"]
[WhiteTeam "Sfr. Wieseck"]
[BlackTeam "SV Ffm-Griesheim"]

1. d4 Nf6 2. Nf3 d5 3. c4 e6 4. g3 c5 5. cxd5 exd5 6. Nc3 Nc6 7. Bg2 cxd4 8.
Nxd4 Bb4 9. O-O Bxc3 10. bxc3 O-O 11. Bg5 Be6 12. Rb1 Nxd4 13. Qxd4 b6 14. Rfd1
Rc8 15. Rbc1 Rc4 16. Bxf6 Rxd4 17. Bxd8 Rxd1+ 18. Rxd1 Rxd8 19. e4 d4 20. cxd4
Bxa2 21. Ra1 Bc4 22. Rxa7 f5 23. e5 Rxd4 24. f4 1/2-1/2

[Event "HEM A-Turnier"]
[Site "Frankfurt-Zeilsheim"]
[Date "2018.??.??"]
[Round "5.10"]
[White "Kuhn, Gerhard"]
[Black "Calvi, Stefan"]
[Result "1/2-1/2"]
[WhiteElo "1982"]
[BlackElo "2050"]
[PlyCount "61"]
[EventDate "2018.??.??"]
[EventType "swiss"]
[EventRounds "7"]
[EventCountry "GER"]
[WhiteTeam "SK Marburg"]
[BlackTeam "SF Frankfurt"]

1. e4 c5 2. c3 d5 3. exd5 Qxd5 4. d4 Nc6 5. Nf3 Bf5 6. Be3 cxd4 7. Nxd4 O-O-O
8. Qa4 Nxd4 9. cxd4 Bxb1 10. Rxb1 Kb8 11. Qc4 e6 12. Rc1 Qxc4 13. Rxc4 Nf6 14.
Be2 Nd5 15. O-O Be7 16. Bf3 a6 17. Rfc1 Rd7 18. Kf1 g6 19. g3 Rhd8 20. Ke2 h5
21. a3 Bf6 22. Bxd5 Rxd5 23. Rc7 Bxd4 24. Rxf7 Bxe3 25. Kxe3 Rd2 26. b4 R8d3+
27. Ke4 Rxa3 28. Rcc7 Re2+ 29. Kd4 Rd2+ 30. Ke4 Re2+ 31. Kd4 1/2-1/2

[Event "HEM A-Turnier"]
[Site "Frankfurt-Zeilsheim"]
[Date "2018.??.??"]
[Round "5.11"]
[White "Sever, Mustafa Batuhan"]
[Black "Fucik, Timo"]
[Result "1/2-1/2"]
[WhiteElo "1960"]
[BlackElo "2024"]
[PlyCount "95"]
[EventDate "2018.??.??"]
[EventType "swiss"]
[EventRounds "7"]
[EventCountry "GER"]
[WhiteTeam "SV Großauheim"]
[BlackTeam "SK Ettlingen"]

1. e4 c5 2. Nf3 d6 3. d4 Nf6 4. Nc3 cxd4 5. Nxd4 a6 6. Be2 e6 7. Be3 Be7 8. O-O
b5 9. a3 Bb7 10. f3 Nbd7 11. Kh1 O-O 12. Qe1 d5 13. exd5 Nxd5 14. Nxd5 Bxd5 15.
a4 b4 16. c4 bxc3 17. Qxc3 Rc8 18. Qe1 a5 19. Bd2 Qb6 20. Nb5 Ra8 21. b4 axb4
22. Bxb4 Bxb4 23. Qxb4 Qe3 24. Nc3 Rfb8 25. Bb5 Nf6 26. Rfe1 Qg5 27. a5 Bc6 28.
Reb1 Nd5 29. Qg4 Qxg4 30. fxg4 Nxc3 31. Bxc6 Nxb1 32. Bxa8 Rxa8 33. Rxb1 Kf8
34. Ra1 Ke7 35. Kg1 Kd6 36. Kf2 Ra7 37. Ke3 Kc5 38. g5 Kb4 39. Kd4 Rd7+ 40. Ke4
Ra7 41. Ke5 Rxa5+ 42. Rxa5 Kxa5 43. h4 g6 44. g4 Kb6 45. h5 Kc6 46. hxg6 hxg6
47. Kf6 e5 48. Kxe5 1/2-1/2

[Event "HEM A-Turnier"]
[Site "Frankfurt-Zeilsheim"]
[Date "2018.??.??"]
[Round "5.12"]
[White "Reinecke, Katharina"]
[Black "Dios, Erwin Michael"]
[Result "0-1"]
[WhiteElo "1905"]
[BlackElo "2020"]
[PlyCount "68"]
[EventDate "2018.??.??"]
[EventType "swiss"]
[EventRounds "7"]
[EventCountry "GER"]
[WhiteTeam "SK Langen"]
[BlackTeam "SK Gießen"]

1. d4 g6 2. c4 Bg7 3. g3 c5 4. Nf3 cxd4 5. Nxd4 Nc6 6. e3 Nf6 7. Bg2 O-O 8. O-O
d5 9. cxd5 Nxd5 10. Nxc6 bxc6 11. e4 Nb4 12. Nc3 Ba6 13. Qxd8 Rfxd8 14. Rd1
Bxc3 15. Be3 Bxb2 16. Rxd8+ Rxd8 17. Rb1 Nxa2 18. Bxa7 Nc3 19. Rxb2 Rd1+ 20.
Bf1 Bxf1 21. Rb8+ Kg7 22. Bd4+ Rxd4 23. Kxf1 Rxe4 24. Rb3 Rc4 25. Ke1 Nb5 26.
Kd2 Ra4 27. Rb2 Kf6 28. Rc2 Nd4 29. Rc3 Ke6 30. Kd3 Kd5 31. f4 f6 32. Kd2 e5
33. fxe5 fxe5 34. Ke3 c5 0-1

[Event "HEM A-Turnier"]
[Site "Frankfurt-Zeilsheim"]
[Date "2018.??.??"]
[Round "5.13"]
[White "Thomas, Norbert"]
[Black "Kuhn, Luis"]
[Result "0-1"]
[WhiteElo "2017"]
[BlackElo "1974"]
[PlyCount "140"]
[EventDate "2018.??.??"]
[EventType "swiss"]
[EventRounds "7"]
[EventCountry "GER"]
[WhiteTeam "SC Frankfurt-West"]
[BlackTeam "SC Flörsheim"]

1. d4 d5 2. c4 e6 3. Nf3 Nf6 4. g3 Be7 5. Bg2 dxc4 6. Qa4+ Bd7 7. Qxc4 Bc6 8.
Nc3 Nbd7 9. O-O O-O 10. Qd3 Bd6 11. Rd1 Qe7 12. e4 e5 13. d5 Nc5 14. Qe2 Bd7
15. Nd2 g6 16. Nf1 Nh5 17. Bh6 Ng7 18. Ne3 f5 19. exf5 gxf5 20. Nc4 Qf6 21. Be3
Rae8 22. Nxd6 cxd6 23. Bxc5 dxc5 24. Qc4 Qd6 25. a4 a5 26. Rac1 b6 27. b3 Kh8
28. Re1 Re7 29. Rcd1 Ne8 30. Rd2 Nc7 31. Qh4 Rf6 32. Rde2 Rg6 33. Qc4 Rg4 34.
Qd3 Rd4 35. Qe3 Bc8 36. Qg5 h6 37. Qh5 Kg7 38. Re3 e4 39. g4 Nxd5 40. Nxd5 Qxd5
41. gxf5 Bxf5 42. Rg3+ Kh7 43. Rg5 Rf7 44. h4 Qe6 45. Rg3 Rg7 46. Rxg7+ Kxg7
47. Re3 Rd3 48. Qe2 Qxb3 49. Rxe4 Bxe4 50. Qxe4 Rd4 51. Qe5+ Kf8 52. Qf6+ Qf7
53. Qxh6+ Qg7 54. Qxb6 Rd1+ 55. Kh2 Qe5+ 56. Kh3 Qf5+ 57. Kg3 Qe5+ 58. Kh3 Qf5+
59. Kg3 Qd3+ 60. Kh2 Qd6+ 61. Qxd6+ Rxd6 62. Bf1 Rd4 63. Bb5 Rxh4+ 64. Kg3 Rd4
65. Kf3 Ke7 66. Ke3 Kf6 67. f3 Ke5 68. Ke2 Kf4 69. Bc6 c4 70. Bb5 c3 0-1